Prayers from The Heart (Record no. 68383)

MARC details
000 -LEADER
fixed length control field 01568nam a22002537a 4500
005 - DATE AND TIME OF LATEST TRANSACTION
control field 20120710145631.0
010 ## - LCCN (DPL NO)
LC control number B-462689-693
020 ## - INTERNATIONAL STANDARD BOOK NUMBER
International Standard Book Number 9788175414525
Terms of availability 195.00
035 ## - SYSTEM CONTROL NUMBER
System control number B-462689-693
037 ## - SOURCE OF ACQUISITION
Stock number dpl
Source of stock number/acquisition K.K.PUB/VEN
082 ## - DEWEY DECIMAL CLASSIFICATION NUMBER
Classification number 891.4414
100 ## - MAIN ENTRY--PERSONAL NAME
Personal name Tagore, Rabindranath.
245 ## - TITLE STATEMENT
Title Prayers from The Heart
Statement of responsibility, etc by Rabindranath Tagore
260 ## - PUBLICATION, DISTRIBUTION, ETC. (IMPRINT)
Place of publication, distribution, etc Delhi
Name of publisher, distributor, etc Shipra Publications
Date of publication, distribution, etc 2009
270 ## - ADDRESS
Address 115-a, Vikas Marg, Shakarpur,
City Delhi
300 ## - PHYSICAL DESCRIPTION
Extent 122pg.
Dimensions 21cm.
942 ## - ADDED ENTRY ELEMENTS (KOHA)
Source of classification or shelving scheme Dewey Decimal Classification
Item type English Books
Classification part 891.4414
Call number suffix TAG
Holdings
Withdrawn status Lost status Not for loan Collection code Home library Current library Date acquired Source of acquisition Cost, normal purchase price Full call number Barcode Copy number Cost, replacement price Koha item type
      Non-fiction Bawana Bawana 18/07/2012 K.K.Pub/1708/26.12.2011/25/18.01.2012/15.02.2012 195.00 891.4414 TAG B-462692 1 195.00 English Books
      Non-fiction Central Library Central Library 18/07/2012 K.K.Pub/1708/26.12.2011/25/18.01.2012/15.02.2012 195.00 891.4414 TAG B-462689 1 195.00 English Books
      Non-fiction Patel Nagar Patel Nagar 18/07/2012 K.K.Pub/1708/26.12.2011/25/18.01.2012/15.02.2012 195.00 891.4414 TAG B-462690 1 195.00 English Books
      Non-fiction Sarojini Nagar Sarojini Nagar 18/07/2012 K.K.Pub/1708/26.12.2011/25/18.01.2012/15.02.2012 195.00 891.4414 TAG B-462691 1 195.00 English Books
      Non-fiction Shahdara Branch Shahdara Branch 18/07/2012 K.K.Pub/1708/26.12.2011/25/18.01.2012/15.02.2012 195.00 891.4414 TAG B-462693 1 195.00 English Books

© Delhi Public Library
Hit Counter
free hit counter